[Event "Irena Warakomska Memorial B"]
[Site "chessmanager.com"]
[Date "2018.08.03"]
[Round "3"]
[White "Kumanovskiy, Evgeny"]
[Black "Kaminski, Maciej"]
[Result "0-1"]
[Board "6"]
[WhiteElo "2084"]
[WhiteCountry "UKR"]
[WhiteFideId "14105942"]
[WhiteEloChange "-14"]
[BlackElo "1919"]
[BlackCountry "POL"]
[BlackFideId "1175521"]
[BlackEloChange "14"]

1. d4 {[%clk 1:30:30]} Nf6 {[%clk 1:30:30]} 2. Bf4 {[%clk 1:30:30]} g6 {[%clk
1:30:30]} 3. e3 {[%clk 1:30:30]} Bg7 {[%clk 1:30:30]} 4. Nf3 {[%clk 1:30:30]} O-O
{[%clk 1:30:30]} 5. h3 {[%clk 1:30:30]} d6 {[%clk 1:30:30]} 6. Be2 {[%clk
1:30:30]} c5 {[%clk 1:30:30]} 7. c3 {[%clk 1:30:30]} b6 {[%clk 1:30:30]} 8. O-O
{[%clk 1:30:30]} Bb7 {[%clk 1:30:30]} 9. Nbd2 {[%clk 1:30:30]} Nbd7 {[%clk
1:30:30]} 10. a4 {[%clk 1:30:30]} a6 {[%clk 1:30:30]} 11. Bh2 {[%clk 1:30:30]}
Ra7 {[%clk 1:30:30]} 12. b4 {[%clk 1:30:30]} Qa8 {[%clk 1:30:30]} 13. Qb3 {[%clk
1:30:30]} Rc8 {[%clk 1:30:30]} 14. Rfc1 {[%clk 1:30:30]} Ne4 {[%clk 1:30:30]} 15.
Nxe4 {[%clk 1:30:30]} Bxe4 {[%clk 1:30:30]} 16. Ng5 {[%clk 1:30:30]} Bd5 {[%clk
1:30:30]} 17. Bc4 {[%clk 1:30:30]} Nf6 {[%clk 1:30:30]} 18. Bxd5 {[%clk 1:30:30]}
Qxd5 {[%clk 1:30:30]} 19. Qxd5 {[%clk 1:30:30]} Nxd5 {[%clk 1:30:30]} 20. bxc5
{[%clk 1:30:30]} bxc5 {[%clk 1:30:30]} 21. Rab1 {[%clk 1:30:30]} Bh6 {[%clk
1:30:30]} 22. h4 {[%clk 1:30:30]} f6 {[%clk 1:30:30]} 23. Nf3 {[%clk 1:30:30]}
Nxe3 {[%clk 1:30:30]} 24. fxe3 {[%clk 1:30:30]} Bxe3+ {[%clk 1:30:30]} 25. Kf1
{[%clk 1:30:30]} Bxc1 {[%clk 1:30:30]} 26. Rxc1 {[%clk 1:30:30]} cxd4 {[%clk
1:30:30]} 27. Nxd4 {[%clk 1:30:30]} Rac7 {[%clk 1:30:30]} 28. h5 {[%clk 1:30:30]}
Rxc3 {[%clk 1:30:30]} 29. Rxc3 {[%clk 1:30:30]} Rxc3 {[%clk 1:30:30]} 30. hxg6
{[%clk 1:30:30]} hxg6 {[%clk 1:30:30]} 31. a5 {[%clk 1:30:30]} Rc5 {[%clk
1:30:30]} 32. Ke2 {[%clk 1:30:30]} Rxa5 {[%clk 1:30:30]} 33. Nc6 {[%clk 1:30:30]}
Ra2+ {[%clk 1:30:30]} 34. Kf3 {[%clk 1:30:30]} Kf8 {[%clk 1:30:30]} 35. Nb4
{[%clk 1:30:30]} Ra3+ {[%clk 1:30:30]} 36. Ke2 {[%clk 1:30:30]} a5 {[%clk
1:30:30]} 37. Nd5 {[%clk 1:30:30]} Ra2+ {[%clk 1:30:30]} 38. Kf3 {[%clk 1:30:30]}
a4 {[%clk 1:30:30]} 39. Bf4 {[%clk 1:30:30]} a3 {[%clk 1:30:30]} 40. Be3 {[%clk
1:30:30]} Rb2 {[%clk 1:30:30]} 41. Bd4 {[%clk 1:30:30]} Rd2 {[%clk 1:30:30]} 0-1

[Event "Irena Warakomska Memorial B"]
[Site "chessmanager.com"]
[Date "2018.08.03"]
[Round "3"]
[White "Zianowicz, Dominik"]
[Black "Widla, Piotr"]
[Result "1/2-1/2"]
[Board "7"]
[WhiteElo "1919"]
[WhiteCountry "POL"]
[WhiteFideId "21825645"]
[WhiteEloChange "5"]
[BlackElo "2100"]
[BlackCountry "POL"]
[BlackFideId "1132164"]
[BlackEloChange "-5"]

1. d4 {[%clk 1:30:30]} c5 {[%clk 1:30:30]} 2. d5 {[%clk 1:30:30]} Nf6 {[%clk
1:30:30]} 3. c4 {[%clk 1:30:30]} g6 {[%clk 1:30:30]} 4. Nc3 {[%clk 1:30:30]} Bg7
{[%clk 1:30:30]} 5. Nf3 {[%clk 1:30:30]} d6 {[%clk 1:30:30]} 6. Qc2 {[%clk
1:30:30]} O-O {[%clk 1:30:30]} 7. e4 {[%clk 1:30:30]} Bg4 {[%clk 1:30:30]} 8. Nd2
{[%clk 1:30:30]} Na6 {[%clk 1:30:30]} 9. a3 {[%clk 1:30:30]} Nc7 {[%clk 1:30:30]}
10. Bd3 {[%clk 1:30:30]} Nh5 {[%clk 1:30:30]} 11. Nf1 {[%clk 1:30:30]} e5 {[%clk
1:30:30]} 12. Ne3 {[%clk 1:30:30]} Bd7 {[%clk 1:30:30]} 13. g3 {[%clk 1:30:30]}
Rb8 {[%clk 1:30:30]} 14. Qe2 {[%clk 1:30:30]} Qe8 {[%clk 1:30:30]} 15. O-O {[%clk
1:30:30]} f5 {[%clk 1:30:30]} 16. exf5 {[%clk 1:30:30]} gxf5 {[%clk 1:30:30]} 17.
Ng2 {[%clk 1:30:30]} Qf7 {[%clk 1:30:30]} 18. f3 {[%clk 1:30:30]} Rbe8 {[%clk
1:30:30]} 19. Bd2 {[%clk 1:30:30]} Kh8 {[%clk 1:30:30]} 20. a4 {[%clk 1:30:30]}
a5 {[%clk 1:30:30]} 21. Ra3 {[%clk 1:30:30]} Na6 {[%clk 1:30:30]} 22. Nb5 {[%clk
1:30:30]} Bxb5 {[%clk 1:30:30]} 23. axb5 {[%clk 1:30:30]} Nb4 {[%clk 1:30:30]}
24. Rxa5 {[%clk 1:30:30]} Nxd3 {[%clk 1:30:30]} 25. Qxd3 {[%clk 1:30:30]} e4
{[%clk 1:30:30]} 26. fxe4 {[%clk 1:30:30]} Bd4+ {[%clk 1:30:30]} 27. Be3 {[%clk
1:30:30]} Rxe4 {[%clk 1:30:30]} 28. Qxe4 {[%clk 1:30:30]} fxe4 {[%clk 1:30:30]}
29. Rxf7 {[%clk 1:30:30]} Rxf7 {[%clk 1:30:30]} 30. Ra8+ {[%clk 1:30:30]} Kg7
{[%clk 1:30:30]} 31. Re8 {[%clk 1:30:30]} Nf6 {[%clk 1:30:30]} 32. Re6 {[%clk
1:30:30]} Bxb2 {[%clk 1:30:30]} 33. Bf4 {[%clk 1:30:30]} Bd4+ {[%clk 1:30:30]}
34. Kf1 {[%clk 1:30:30]} Ng4 {[%clk 1:30:30]} 35. Rxe4 $11 {[%clk 1:30:30]}
1/2-1/2

[Event "Irena Warakomska Memorial B"]
[Site "chessmanager.com"]
[Date "2018.08.03"]
[Round "3"]
[White "Bury, Gleb M"]
[Black "Grabowski, Adam"]
[Result "1/2-1/2"]
[Board "8"]
[WhiteElo "1942"]
[WhiteCountry "BLR"]
[WhiteFideId "13519131"]
[WhiteEloChange "3"]
[BlackElo "2066"]
[BlackCountry "POL"]
[BlackFideId "1142143"]
[BlackEloChange "-3"]

1. e4 {[%clk 1:30:30]} c6 {[%clk 1:30:30]} 2. d4 {[%clk 1:30:30]} d5 {[%clk
1:30:30]} 3. Nc3 {[%clk 1:30:30]} dxe4 {[%clk 1:30:30]} 4. Nxe4 {[%clk 1:30:30]}
Nf6 {[%clk 1:30:30]} 5. Nxf6+ {[%clk 1:30:30]} exf6 {[%clk 1:30:30]} 6. c3 {[%clk
1:30:30]} Bd6 {[%clk 1:30:30]} 7. Bd3 {[%clk 1:30:30]} O-O {[%clk 1:30:30]} 8.
Qc2 {[%clk 1:30:30]} g6 {[%clk 1:30:30]} 9. h4 {[%clk 1:30:30]} Re8+ {[%clk
1:30:30]} 10. Ne2 {[%clk 1:30:30]} Nd7 {[%clk 1:30:30]} 11. h5 {[%clk 1:30:30]}
Nf8 {[%clk 1:30:30]} 12. Be3 {[%clk 1:30:30]} Qc7 {[%clk 1:30:30]} 13. O-O-O
{[%clk 1:30:30]} b5 {[%clk 1:30:30]} 14. hxg6 {[%clk 1:30:30]} fxg6 {[%clk
1:30:30]} 15. Kb1 {[%clk 1:30:30]} a5 {[%clk 1:30:30]} 16. c4 {[%clk 1:30:30]}
bxc4 {[%clk 1:30:30]} 17. Bxc4+ {[%clk 1:30:30]} Be6 {[%clk 1:30:30]} 18. Rc1
{[%clk 1:30:30]} Rac8 {[%clk 1:30:30]} 19. Qa4 {[%clk 1:30:30]} Qf7 {[%clk
1:30:30]} 20. Rhd1 {[%clk 1:30:30]} f5 {[%clk 1:30:30]} 21. g3 {[%clk 1:30:30]}
Qb7 {[%clk 1:30:30]} 22. Nf4 {[%clk 1:30:30]} Bxc4 {[%clk 1:30:30]} 23. Qxc4+
{[%clk 1:30:30]} Kg7 {[%clk 1:30:30]} 24. Rc2 {[%clk 1:30:30]} Qb5 {[%clk
1:30:30]} 25. Rdc1 {[%clk 1:30:30]} Rcd8 {[%clk 1:30:30]} 26. Qxc6 {[%clk
1:30:30]} Qxc6 {[%clk 1:30:30]} 27. Rxc6 {[%clk 1:30:30]} Bxf4 {[%clk 1:30:30]}
28. Bxf4 {[%clk 1:30:30]} Rxd4 {[%clk 1:30:30]} 29. Be3 {[%clk 1:30:30]} Rd5
{[%clk 1:30:30]} 30. R1c5 {[%clk 1:30:30]} Red8 {[%clk 1:30:30]} 31. Rc7+ {[%clk
1:30:30]} Kg8 {[%clk 1:30:30]} 32. Rxd5 {[%clk 1:30:30]} Rxd5 {[%clk 1:30:30]}
33. Ra7 {[%clk 1:30:30]} Ne6 {[%clk 1:30:30]} 34. Kc2 {[%clk 1:30:30]} f4 {[%clk
1:30:30]} 35. Bb6 {[%clk 1:30:30]} fxg3 {[%clk 1:30:30]} 36. fxg3 {[%clk
1:30:30]} Rg5 {[%clk 1:30:30]} 37. Re7 {[%clk 1:30:30]} Ng7 {[%clk 1:30:30]} 38.
Bc7 {[%clk 1:30:30]} Nf5 {[%clk 1:30:30]} 39. Bf4 {[%clk 1:30:30]} Rg4 {[%clk
1:30:30]} 40. Ra7 {[%clk 1:30:30]} Nxg3 {[%clk 1:30:30]} 41. Bxg3 {[%clk
1:30:30]} Rxg3 {[%clk 1:30:30]} 42. Rxa5 {[%clk 1:30:30]} h5 {[%clk 1:30:30]} 43.
b4 {[%clk 1:30:30]} h4 {[%clk 1:30:30]} 44. b5 {[%clk 1:30:30]} Rg2+ {[%clk
1:30:30]} 45. Kc3 {[%clk 1:30:30]} Rg3+ {[%clk 1:30:30]} 46. Kc2 {[%clk 1:30:30]}
Rg5 {[%clk 1:30:30]} 47. Ra4 {[%clk 1:30:30]} Rg2+ {[%clk 1:30:30]} 48. Kc3
{[%clk 1:30:30]} Rg3+ {[%clk 1:30:30]} 1/2-1/2

[Event "Irena Warakomska Memorial B"]
[Site "chessmanager.com"]
[Date "2018.08.03"]
[Round "3"]
[White "Krasiewicz, Robert"]
[Black "Hrymowicz, Artur"]
[Result "1-0"]
[Board "10"]
[WhiteElo "1990"]
[WhiteCountry "POL"]
[WhiteFideId "1128612"]
[WhiteEloChange "4"]
[BlackElo "2123"]
[BlackCountry "POL"]
[BlackFideId "1194240"]
[BlackEloChange "-4"]

1. Nf3 {[%clk 1:30:30]} Nf6 {[%clk 1:30:30]} 2. c4 {[%clk 1:30:30]} b6 {[%clk
1:30:30]} 3. g3 {[%clk 1:30:30]} Bb7 {[%clk 1:30:30]} 4. Bg2 {[%clk 1:30:30]} c5
{[%clk 1:30:30]} 5. Nc3 {[%clk 1:30:30]} e6 {[%clk 1:30:30]} 6. d3 {[%clk
1:30:30]} d5 {[%clk 1:30:30]} 7. cxd5 {[%clk 1:30:30]} exd5 {[%clk 1:30:30]} 8.
d4 {[%clk 1:30:30]} Be7 {[%clk 1:30:30]} 9. O-O {[%clk 1:30:30]} O-O {[%clk
1:30:30]} 10. Ne5 {[%clk 1:30:30]} Nc6 {[%clk 1:30:30]} 11. Nxc6 {[%clk 1:30:30]}
Bxc6 {[%clk 1:30:30]} 12. Bg5 {[%clk 1:30:30]} c4 {[%clk 1:30:30]} 13. e3 {[%clk
1:30:30]} Qd7 {[%clk 1:30:30]} 14. h4 {[%clk 1:30:30]} b5 {[%clk 1:30:30]} 15.
Bxf6 {[%clk 1:30:30]} Bxf6 {[%clk 1:30:30]} 16. Qh5 {[%clk 1:30:30]} Rad8 {[%clk
1:30:30]} 17. Ne2 {[%clk 1:30:30]} b4 {[%clk 1:30:30]} 18. Nf4 {[%clk 1:30:30]}
g6 {[%clk 1:30:30]} 19. Qf3 {[%clk 1:30:30]} Bg7 {[%clk 1:30:30]} 20. g4 {[%clk
1:30:30]} Qd6 {[%clk 1:30:30]} 21. Kh1 {[%clk 1:30:30]} Rd7 {[%clk 1:30:30]} 22.
Rg1 {[%clk 1:30:30]} Rb8 {[%clk 1:30:30]} 23. Rac1 {[%clk 1:30:30]} a5 {[%clk
1:30:30]} 24. g5 {[%clk 1:30:30]} a4 {[%clk 1:30:30]} 25. h5 {[%clk 1:30:30]} a3
{[%clk 1:30:30]} 26. b3 {[%clk 1:30:30]} cxb3 {[%clk 1:30:30]} 27. axb3 {[%clk
1:30:30]} Rb5 {[%clk 1:30:30]} 28. Nd3 {[%clk 1:30:30]} Ra7 {[%clk 1:30:30]} 29.
h6 {[%clk 1:30:30]} Bh8 {[%clk 1:30:30]} 30. Rc2 {[%clk 1:30:30]} Bd7 {[%clk
1:30:30]} 31. Rgc1 {[%clk 1:30:30]} Ra8 {... 63 moves[%clk 1:30:30]} 1/2-1/2

[Event "Irena Warakomska Memorial B"]
[Site "chessmanager.com"]
[Date "2018.08.03"]
[Round "3"]
[White "Nikitin, Aleksander I"]
[Black "Tylenda, Krzysztof"]
[Result "1-0"]
[Board "11"]
[WhiteElo "2036"]
[WhiteCountry "BLR"]
[WhiteFideId "13503065"]
[WhiteEloChange "2"]
[BlackElo "1669"]
[BlackCountry "POL"]
[BlackFideId "1169165"]
[BlackEloChange "-2"]

1. b4 {[%clk 1:30:30]} d5 {[%clk 1:30:30]} 2. Bb2 {[%clk 1:30:30]} Nf6 {[%clk
1:30:30]} 3. e3 {[%clk 1:30:30]} e5 {[%clk 1:30:30]} 4. Bxe5 {[%clk 1:30:30]}
Bxb4 {[%clk 1:30:30]} 5. Nf3 {[%clk 1:30:30]} Nc6 {[%clk 1:30:30]} 6. Bb2 {[%clk
1:30:30]} O-O {[%clk 1:30:30]} 7. c4 {[%clk 1:30:30]} Re8 {[%clk 1:30:30]} 8.
cxd5 {[%clk 1:30:30]} Nxd5 {[%clk 1:30:30]} 9. Be2 {[%clk 1:30:30]} Bg4 {[%clk
1:30:30]} 10. O-O {[%clk 1:30:30]} Qe7 {[%clk 1:30:30]} 11. a3 {[%clk 1:30:30]}
Bd6 {[%clk 1:30:30]} 12. d4 {[%clk 1:30:30]} a6 {[%clk 1:30:30]} 13. Nbd2 {[%clk
1:30:30]} Nf6 {[%clk 1:30:30]} 14. Bd3 {[%clk 1:30:30]} b5 {[%clk 1:30:30]} 15.
Re1 {[%clk 1:30:30]} b4 {[%clk 1:30:30]} 16. Qc1 {[%clk 1:30:30]} Qd7 {[%clk
1:30:30]} 17. Ng5 {[%clk 1:30:30]} Bf8 {[%clk 1:30:30]} 18. Nge4 {[%clk 1:30:30]}
Nd5 {[%clk 1:30:30]} 19. Nc5 {[%clk 1:30:30]} Qd6 {[%clk 1:30:30]} 20. Nxa6
{[%clk 1:30:30]} Qh6 {[%clk 1:30:30]} 21. Nc5 {[%clk 1:30:30]} Bd6 {[%clk
1:30:30]} 22. Nf1 {[%clk 1:30:30]} bxa3 {[%clk 1:30:30]} 23. Bxa3 {[%clk
1:30:30]} Reb8 {[%clk 1:30:30]} 24. Ne4 {[%clk 1:30:30]} Ncb4 {[%clk 1:30:30]}
25. Bc4 {[%clk 1:30:30]} Qg6 {[%clk 1:30:30]} 26. Nxd6 {[%clk 1:30:30]} cxd6
{[%clk 1:30:30]} 27. e4 {[%clk 1:30:30]} Nc7 {[%clk 1:30:30]} 28. Qd2 {[%clk
1:30:30]} d5 {[%clk 1:30:30]} 29. exd5 {[%clk 1:30:30]} Ncxd5 {[%clk 1:30:30]}
30. Bxb4 {[%clk 1:30:30]} Rxa1 {[%clk 1:30:30]} 31. Rxa1 {[%clk 1:30:30]} Nxb4
{[%clk 1:30:30]} 32. Qxb4 {[%clk 1:30:30]} 1-0

[Event "Irena Warakomska Memorial B"]
[Site "chessmanager.com"]
[Date "2018.08.03"]
[Round "3"]
[White "Matuszczyk, Mateusz"]
[Black "Litner, Igor"]
[Result "0-1"]
[Board "12"]
[WhiteElo "1733"]
[WhiteCountry "POL"]
[WhiteFideId "21855463"]
[WhiteEloChange "-5"]
[BlackElo "1929"]
[BlackCountry "POL"]
[BlackFideId "1163078"]
[BlackEloChange "5"]

1. e4 {[%clk 1:30:30]} d6 {[%clk 1:30:30]} 2. d4 {[%clk 1:30:30]} Nf6 {[%clk
1:30:30]} 3. Nc3 {[%clk 1:30:30]} e5 {[%clk 1:30:30]} 4. Nf3 {[%clk 1:30:30]}
Nbd7 {[%clk 1:30:30]} 5. Bc4 {[%clk 1:30:30]} Be7 {[%clk 1:30:30]} 6. O-O {[%clk
1:30:30]} O-O {[%clk 1:30:30]} 7. h3 {[%clk 1:30:30]} c6 {[%clk 1:30:30]} 8. Be3
{[%clk 1:30:30]} b5 {[%clk 1:30:30]} 9. Bd3 {[%clk 1:30:30]} Bb7 {[%clk 1:30:30]}
10. Ne2 {[%clk 1:30:30]} a6 {[%clk 1:30:30]} 11. Ng3 {[%clk 1:30:30]} exd4 {[%clk
1:30:30]} 12. Nxd4 {[%clk 1:30:30]} c5 {[%clk 1:30:30]} 13. Ndf5 {[%clk 1:30:30]}
c4 {[%clk 1:30:30]} 14. Be2 {[%clk 1:30:30]} Nxe4 {[%clk 1:30:30]} 15. Nxe4
{[%clk 1:30:30]} Bxe4 {[%clk 1:30:30]} 16. Nxd6 {[%clk 1:30:30]} Bxd6 {[%clk
1:30:30]} 17. Qxd6 {[%clk 1:30:30]} Nf6 {[%clk 1:30:30]} 18. Qxd8 {[%clk
1:30:30]} Rfxd8 {[%clk 1:30:30]} 19. b3 {[%clk 1:30:30]} c3 {[%clk 1:30:30]} 20.
Bf3 {[%clk 1:30:30]} Bxf3 {[%clk 1:30:30]} 21. gxf3 {[%clk 1:30:30]} Nd5 {[%clk
1:30:30]} 22. a4 {[%clk 1:30:30]} b4 {[%clk 1:30:30]} 23. a5 {[%clk 1:30:30]}
Rab8 {[%clk 1:30:30]} 24. Rfd1 {[%clk 1:30:30]} f6 {[%clk 1:30:30]} 25. Bb6
{[%clk 1:30:30]} Rd7 {[%clk 1:30:30]} 26. Bc5 {[%clk 1:30:30]} Rb5 {[%clk
1:30:30]} 27. Be3 {[%clk 1:30:30]} Kf7 {[%clk 1:30:30]} 28. Rd4 {[%clk 1:30:30]}
Ke6 {[%clk 1:30:30]} 29. Rad1 {[%clk 1:30:30]} Nxe3 {[%clk 1:30:30]} 30. fxe3
{[%clk 1:30:30]} Rxd4 {[%clk 1:30:30]} 31. Rxd4 {[%clk 1:30:30]} Rxa5 {[%clk
1:30:30]} 32. Rxb4 {[%clk 1:30:30]} Ra1+ {[%clk 1:30:30]} 33. Kf2 {[%clk
1:30:30]} Ra2 {[%clk 1:30:30]} 34. Ke2 {[%clk 1:30:30]} Rxc2+ {[%clk 1:30:30]}
35. Kd3 {[%clk 1:30:30]} Rh2 {[%clk 1:30:30]} 36. Kxc3 {[%clk 1:30:30]} Rxh3
{[%clk 1:30:30]} 37. Kd4 {[%clk 1:30:30]} Rxf3 {[%clk 1:30:30]} 38. Rb6+ {[%clk
1:30:30]} Kf7 {[%clk 1:30:30]} 39. Rxa6 {[%clk 1:30:30]} h5 {[%clk 1:30:30]} 40.
Ra7+ {[%clk 1:30:30]} Kg6 {[%clk 1:30:30]} 41. b4 {[%clk 1:30:30]} h4 {[%clk
1:30:30]} 42. Ra1 {[%clk 1:30:30]} Rf2 {[%clk 1:30:30]} 43. Rg1+ {[%clk 1:30:30]}
Kf5 {[%clk 1:30:30]} 44. b5 {[%clk 1:30:30]} Rd2+ {[%clk 1:30:30]} 45. Kc5 {[%clk
1:30:30]} Rd8 {[%clk 1:30:30]} 46. b6 {[%clk 1:30:30]} Ke4 {[%clk 1:30:30]} 47.
Rg4+ {[%clk 1:30:30]} Kxe3 {[%clk 1:30:30]} 48. Rxh4 {[%clk 1:30:30]} g5 {[%clk
1:30:30]} 49. Rb4 {[%clk 1:30:30]} f5 {[%clk 1:30:30]} 50. Rb3+ {[%clk 1:30:30]}
Ke4 {[%clk 1:30:30]} 51. b7 {[%clk 1:30:30]} Rb8 {[%clk 1:30:30]} 52. Kd6 {[%clk
1:30:30]} f4 {[%clk 1:30:30]} 53. Kc7 {[%clk 1:30:30]} Rxb7+ {[%clk 1:30:30]} 54.
Rxb7 {[%clk 1:30:30]} f3 {[%clk 1:30:30]} 55. Kd6 {[%clk 1:30:30]} g4 {[%clk
1:30:30]} 56. Rg7 {[%clk 1:30:30]} Kf4 {[%clk 1:30:30]} 57. Kd5 {[%clk 1:30:30]}
g3 {[%clk 1:30:30]} 58. Kd4 {[%clk 1:30:30]} g2 {[%clk 1:30:30]} 59. Rf7+ {[%clk
1:30:30]} Kg3 {[%clk 1:30:30]} 60. Rg7+ {[%clk 1:30:30]} Kf4 {[%clk 1:30:30]} 61.
Rf7+ {[%clk 1:30:30]} Kg5 {[%clk 1:30:30]} 62. Rg7+ {[%clk 1:30:30]} Kh6 {[%clk
1:30:30]} 63. Rg3 {[%clk 1:30:30]} f2 {[%clk 1:30:30]} 64. Rxg2 {[%clk 1:30:30]}
f1Q {[%clk 1:30:30]} 65. Rd2 {[%clk 1:30:30]} Kg5 {[%clk 1:30:30]} 66. Ke3 {[%clk
1:30:30]} Qf4+ {[%clk 1:30:30]} 67. Ke2 {[%clk 1:30:30]} Kf5 {[%clk 1:30:30]} 68.
Kd3 {[%clk 1:30:30]} Ke5 {[%clk 1:30:30]} 69. Re2+ {[%clk 1:30:30]} Kd5 {[%clk
1:30:30]} 70. Rd2 {[%clk 1:30:30]} Qe4+ {[%clk 1:30:30]} 71. Kc3+ {[%clk
1:30:30]} Kc5 {[%clk 1:30:30]} 72. Rd3 {[%clk 1:30:30]} Qe2 {[%clk 1:30:30]} 73.
Rd2 {[%clk 1:30:30]} Qc4+ {[%clk 1:30:30]} 74. Kb2 {[%clk 1:30:30]} Kb4 {[%clk
1:30:30]} 75. Rc2 {[%clk 1:30:30]} Qe6 {[%clk 1:30:30]} 76. Rd2 {[%clk 1:30:30]}
Qh3 {[%clk 1:30:30]} 77. Kc1 {[%clk 1:30:30]} Qe3 {[%clk 1:30:30]} 78. Kd1 {[%clk
1:30:30]} Qf3+ {[%clk 1:30:30]} 79. Re2 {[%clk 1:30:30]} Kc4 {[%clk 1:30:30]} 80.
Kd2 {[%clk 1:30:30]} Kd4 {[%clk 1:30:30]} 81. Re1 {[%clk 1:30:30]} Qd3+ {[%clk
1:30:30]} 82. Kc1 {[%clk 1:30:30]} Kc3 {[%clk 1:30:30]} 83. Re3 {[%clk 1:30:30]}
Qxe3+ {[%clk 1:30:30]} 84. Kd1 {[%clk 1:30:30]} Qd2# {[%clk 1:30:30]} 0-1

[Event "Irena Warakomska Memorial B"]
[Site "chessmanager.com"]
[Date "2018.08.03"]
[Round "3"]
[White "Piekielny, Pawel"]
[Black "Reshetniak, Vitaliy"]
[Result "1/2-1/2"]
[Board "13"]
[WhiteElo "1918"]
[WhiteCountry "POL"]
[WhiteFideId "21838828"]
[WhiteEloChange "4"]
[BlackElo "2085"]
[BlackCountry "UKR"]
[BlackFideId "14125250"]
[BlackEloChange "-4"]

1. e4 {[%clk 1:30:30]} c5 {[%clk 1:30:30]} 2. Nf3 {[%clk 1:30:30]} e6 {[%clk
1:30:30]} 3. d4 {[%clk 1:30:30]} cxd4 {[%clk 1:30:30]} 4. Nxd4 {[%clk 1:30:30]}
a6 {[%clk 1:30:30]} 5. Bd3 {[%clk 1:30:30]} Bc5 {[%clk 1:30:30]} 6. Nb3 {[%clk
1:30:30]} Be7 {[%clk 1:30:30]} 7. O-O {[%clk 1:30:30]} d6 {[%clk 1:30:30]} 8. Qg4
{[%clk 1:30:30]} g6 {[%clk 1:30:30]} 9. f4 {[%clk 1:30:30]} Nd7 {[%clk 1:30:30]}
10. Be3 {[%clk 1:30:30]} b6 {[%clk 1:30:30]} 11. Nc3 {[%clk 1:30:30]} Bb7 {[%clk
1:30:30]} 12. Rae1 {[%clk 1:30:30]} Qc7 {[%clk 1:30:30]} 13. Bd4 {[%clk 1:30:30]}
Ngf6 {[%clk 1:30:30]} 14. Qe2 {[%clk 1:30:30]} e5 {[%clk 1:30:30]} 15. Be3 {[%clk
1:30:30]} h5 {[%clk 1:30:30]} 16. f5 {[%clk 1:30:30]} b5 {[%clk 1:30:30]} 17.
fxg6 {[%clk 1:30:30]} fxg6 {[%clk 1:30:30]} 18. a3 {[%clk 1:30:30]} O-O {[%clk
1:30:30]} 19. h3 {[%clk 1:30:30]} Rf7 {[%clk 1:30:30]} 20. Nc1 {[%clk 1:30:30]}
Nc5 {[%clk 1:30:30]} 21. Bg5 {[%clk 1:30:30]} Raf8 {[%clk 1:30:30]} 22. Bh6
{[%clk 1:30:30]} Re8 {[%clk 1:30:30]} 23. N1a2 {[%clk 1:30:30]} Kh7 {[%clk
1:30:30]} 24. Bg5 {[%clk 1:30:30]} Nxd3 {[%clk 1:30:30]} 25. cxd3 {[%clk
1:30:30]} Ref8 {[%clk 1:30:30]} 26. Nb4 {[%clk 1:30:30]} a5 {[%clk 1:30:30]} 27.
Bxf6 {[%clk 1:30:30]} Bxf6 {[%clk 1:30:30]} 28. Nbd5 {[%clk 1:30:30]} Qc5+ {[%clk
1:30:30]} 29. Qf2 {[%clk 1:30:30]} b4 {[%clk 1:30:30]} 30. axb4 {[%clk 1:30:30]}
axb4 {[%clk 1:30:30]} 31. Qxc5 {[%clk 1:30:30]} dxc5 {[%clk 1:30:30]} 32. Nxf6+
{[%clk 1:30:30]} Rxf6 {[%clk 1:30:30]} 33. Na4 {[%clk 1:30:30]} Bc6 {[%clk
1:30:30]} 34. Rxf6 {[%clk 1:30:30]} Rxf6 {[%clk 1:30:30]} 35. Nxc5 {[%clk
1:30:30]} Bb5 {[%clk 1:30:30]} 36. Rf1 {[%clk 1:30:30]} Rc6 {[%clk 1:30:30]} 37.
Rc1 {[%clk 1:30:30]} Rf6 {[%clk 1:30:30]} 38. Rf1 {[%clk 1:30:30]} Rc6 {[%clk
1:30:30]} 39. Rc1 {[%clk 1:30:30]} Rf6 {[%clk 1:30:30]} 40. h4 {[%clk 1:30:30]}
Kg7 {[%clk 1:30:30]} 41. Rc2 {[%clk 1:30:30]} Rc6 {[%clk 1:30:30]} 42. Rc1 {[%clk
1:30:30]} Rf6 {[%clk 1:30:30]} 43. g3 {[%clk 1:30:30]} Kh7 {[%clk 1:30:30]} 44.
Kg2 {[%clk 1:30:30]} Kg8 {[%clk 1:30:30]} 45. Rc2 {[%clk 1:30:30]} Rc6 {[%clk
1:30:30]} 1/2-1/2

[Event "Irena Warakomska Memorial B"]
[Site "chessmanager.com"]
[Date "2018.08.03"]
[Round "3"]
[White "Zolkiewski, Jakub"]
[Black "Barchuk, Irina"]
[Result "0-1"]
[Board "14"]
[WhiteElo "1894"]
[WhiteCountry "POL"]
[WhiteFideId "1184695"]
[WhiteEloChange "-6"]
[BlackElo "2039"]
[BlackCountry "UKR"]
[BlackFideId "14119005"]
[BlackEloChange "6"]

1. d4 {[%clk 1:30:30]} Nf6 {[%clk 1:30:30]} 2. c4 {[%clk 1:30:30]} g6 {[%clk
1:30:30]} 3. Nc3 {[%clk 1:30:30]} Bg7 {[%clk 1:30:30]} 4. e4 {[%clk 1:30:30]} d6
{[%clk 1:30:30]} 5. f3 {[%clk 1:30:30]} O-O {[%clk 1:30:30]} 6. Be3 {[%clk
1:30:30]} a6 {[%clk 1:30:30]} 7. Bd3 {[%clk 1:30:30]} Nc6 {[%clk 1:30:30]} 8.
Nge2 {[%clk 1:30:30]} e5 {[%clk 1:30:30]} 9. d5 {[%clk 1:30:30]} Ne7 {[%clk
1:30:30]} 10. Qd2 {[%clk 1:30:30]} Nd7 {[%clk 1:30:30]} 11. O-O-O {[%clk
1:30:30]} Nc5 {[%clk 1:30:30]} 12. Kb1 {[%clk 1:30:30]} Bd7 {[%clk 1:30:30]} 13.
Nc1 {[%clk 1:30:30]} c6 {[%clk 1:30:30]} 14. Bc2 {[%clk 1:30:30]} cxd5 {[%clk
1:30:30]} 15. Nxd5 {[%clk 1:30:30]} Nc6 {[%clk 1:30:30]} 16. Ne2 {[%clk 1:30:30]}
b5 {[%clk 1:30:30]} 17. Nec3 {[%clk 1:30:30]} Ne6 {[%clk 1:30:30]} 18. cxb5
{[%clk 1:30:30]} Ncd4 {[%clk 1:30:30]} 19. f4 {[%clk 1:30:30]} axb5 {[%clk
1:30:30]} 20. f5 {[%clk 1:30:30]} b4 {[%clk 1:30:30]} 21. fxe6 {[%clk 1:30:30]}
bxc3 {[%clk 1:30:30]} 22. exf7+ {[%clk 1:30:30]} Rxf7 {[%clk 1:30:30]} 23. Nxc3
{[%clk 1:30:30]} Be6 {[%clk 1:30:30]} 24. Nd5 {[%clk 1:30:30]} Rfa7 {[%clk
1:30:30]} 25. a3 {[%clk 1:30:30]} Bxd5 {[%clk 1:30:30]} 26. exd5 {[%clk 1:30:30]}
Qb6 {[%clk 1:30:30]} 27. Qd3 {[%clk 1:30:30]} Rxa3 {[%clk 1:30:30]} 28. b3 {[%clk
1:30:30]} Ra1+ {[%clk 1:30:30]} 29. Kb2 {[%clk 1:30:30]} R8a2+ {[%clk 1:30:30]}
30. Kc3 {[%clk 1:30:30]} Qc5+ {[%clk 1:30:30]} 31. Kd2 {[%clk 1:30:30]} Rxc2+
{[%clk 1:30:30]} 32. Ke1 {[%clk 1:30:30]} Rxd1+ {[%clk 1:30:30]} 33. Kxd1 {[%clk
1:30:30]} Rc3 {[%clk 1:30:30]} 34. Qd2 {[%clk 1:30:30]} Rxe3 {[%clk 1:30:30]} 0-1